000 00493nam a2200181Ia 4500
999 _c27987
_d27987
003 OSt
005 20201117121934.0
008 190216s9999||||xx |||||||||||||| ||und||
020 _a9788171309481
040 _coclc
082 _a894.8123
_bMUK/K
100 _aMukundan, M
_96509
245 0 _aKesavante Vilapangal /
_cM Mukundan
260 _bDc Books,
_aKottayam:
_c2012.
300 _a206p
650 _aNovel
942 _cBK
_2ddc
_h894.8123
_iMUK/K
_k894.8123
_mMUK/K